[Event "GER-chT U20 Girls"]
[Site "Magdeburg"]
[Date "2023.12.29"]
[Round "5.10"]
[White "Scheiding, Sophia"]
[Black "Schoenfeld, Emily"]
[Result "1-0"]
[WhiteElo "1421"]
[BlackElo "778"]
[PlyCount "49"]
[EventDate "2023.12.26"]
[EventType "team-swiss"]
[EventRounds "7"]
[EventCountry "GER"]
[SourceTitle "CB03_2024"]
[SourceDate "2024.01.17"]
[SourceVersion "1"]
[SourceVersionDate "2024.01.17"]
[SourceQuality "1"]
[WhiteTeam "Meuselwitz"]
[BlackTeam "Eintracht Tangerhuette"]
[WhiteTeamCountry "GER"]
[BlackTeamCountry "GER"]

1. e4 e5 2. Nf3 Nc6 3. d4 f6 4. Bc4 Nge7 5. Nc3 f5 6. Ng5 d6 7. Bf7+ Kd7 8. Be6+ Ke8 9. Nf7 Rg8 10. Nxd8 Kxd8 11. Bxg8 Nxg8 12. 0-0 Nxd4 13. Be3 c5 14. f3 f4 15. Bxd4 cxd4 16. Nd5 d3 17. Qxd3 Be7 18. Nxe7 Nxe7 19. Rad1 Nc6 20. Qxd6+ Ke8 21. Rd5 a6 22. Rfd1 h5 23. Qg6+ Ke7 24. Qxg7+ Ke6 25. Rd6# 1-0